=LDR 00000nam 2200000 4500 =001 INLIS000000000054497 =005 20200206102001 =035 ##$$a 0010-0220000059 =007 ta =008 200206###########################0###### =082 ##$$a 722.409 598 534 =084 ##$$a 722.409 598 534 Abd r =245 1#$$a Rumah tradisional Sumbawa : $b Buku panduan majelis ulama Indonesia /$c Siti Hadidjah =300 ##$$a vii, 75 hlm ; $c 15 cm =700 #$$a Abdul Gani Selim =700 #$$a Sri Marlupi =504 ##$$a Bibliografi : hlm. 73-74 =600 #4$$a Arsitektur tradisional - Sumbawa =740 ##$$a Rumah tradisional Sumbawa =264 ##$$a Mataram :$b Departemen Pendidikan dan Kebudayaan, Museum Negeri Nusa Tenggara Barat,$c 1988 =336 ##$$a Teks$2 rdacontent =337 ##$$a lain-lain$2 rdamedia =338 ##$$a lain-lain$2 rdacarrier =990 ##$$a 00560056 =990 ##$$a 20/2001